[Event "Amager Klubmesterskab 2011"]
[Site "Sundbyoster"]
[Date "2011.01.25"]
[Round "1"]
[White "Bekker Jensen, Morten Breinholdt"]
[Black "Hansen, Benny"]
[Result "1-0"]
[WhiteElo "1890"]
[BlackElo "1407"]
[PlyCount "59"]
[EventDate "2011.??.??"]

1. d4 Nf6 2. Nf3 g6 3. Bg5 Bg7 4. Nbd2 d6 5. e4 Bg4 6. Be2 Nbd7 7. c3 Bxf3 8.
Bxf3 c5 9. dxc5 Nxc5 10. Qe2 O-O 11. O-O Qc7 12. Rfe1 Ne6 13. Be3 Rac8 14. Qb5
b6 15. a4 Nd7 16. Nb3 Nec5 17. Nxc5 dxc5 18. Bg4 e6 19. a5 Ne5 20. Be2 Rfd8 21.
axb6 axb6 22. Ra6 Rd6 23. f4 Bh6 24. Bc1 Nd7 25. e5 Rc6 26. Bf3 Qb7 27. Rd1 Nb8
28. Bxc6 Qxa6 29. Qxa6 Nxa6 30. Bb7 1-0

[Event "Amager Klubmesterskab 2011"]
[Site "Sundbyoster"]
[Date "2011.01.25"]
[Round "1"]
[White "Carstensen, Jacob"]
[Black "Jensen, Ole Yde"]
[Result "1-0"]
[WhiteElo "2325"]
[BlackElo "1553"]
[PlyCount "27"]
[EventDate "2011.??.??"]

1. d4 Nf6 2. c4 e6 3. Nf3 b6 4. a3 Bb7 5. Nc3 d5 6. cxd5 Nxd5 7. Bd2 c5 8. e4
cxd4 9. Nxd4 Nxc3 10. Bxc3 Bxe4 11. Qa4+ Qd7 12. Bb5 Bc6 13. Nxc6 a6 14. Rd1
1-0

[Event "Amager Klubmesterskab 2011"]
[Site "Sundbyoster"]
[Date "2011.01.25"]
[Round "1"]
[White "Foss, Kim"]
[Black "Mielow, Bjarne"]
[Result "1-0"]
[WhiteElo "1450"]
[BlackElo "1630"]
[PlyCount "101"]
[EventDate "2011.??.??"]

1. b4 e5 2. Bb2 d6 3. c4 Nf6 4. Nf3 Be7 5. e3 O-O 6. Be2 b6 7. O-O Bb7 8. Nc3
Nbd7 9. Qc2 h6 10. d4 exd4 11. Nxd4 Re8 12. Bf3 Bxf3 13. Nxf3 Nf8 14. Rfd1 Qc8
15. Rac1 a6 16. Nd5 Nxd5 17. cxd5 Nh7 18. Qxc7 b5 19. Qb6 Qf5 20. Qd4 Bf6 21.
Qd2 Bxb2 22. Qxb2 Nf6 23. Qd4 Re4 24. Qd3 Qd7 25. Qc3 Rc4 26. Qb3 Rac8 27. Rxc4
Rxc4 28. Nd2 Rc8 29. e4 Qc7 30. f3 Qc2 31. Kf1 Qxb3 32. Nxb3 Rc2 33. Rd2 Rc4
34. a3 Rc3 35. Rb2 Nd7 36. Nd4 Nb6 37. Rb3 Rxb3 38. Nxb3 Nc4 39. Na5 Kf8 40.
Nxc4 bxc4 41. Ke2 Ke7 42. Ke3 f6 43. Kd4 Kd7 44. Kxc4 Kc7 45. a4 Kb6 46. b5
axb5+ 47. axb5 g5 48. g3 Kc7 49. f4 Kb6 50. Kd4 Kxb5 51. e5 1-0

[Event "Amager Klubmesterskab 2011"]
[Site "Sundbyoster"]
[Date "2011.01.25"]
[Round "1"]
[White "Friis, Jordy"]
[Black "Nielsen, Bjorn"]
[Result "1-0"]
[WhiteElo "1530"]
[BlackElo "1124"]
[PlyCount "117"]
[EventDate "2011.??.??"]

1. d4 d5 2. c4 e6 3. Nc3 dxc4 4. e4 e5 5. d5 Bd6 6. Bxc4 Nf6 7. Nge2 Na6 8. O-O
Nc5 9. f3 a5 10. Bg5 b6 11. Bb5+ Ncd7 12. Bc6 Rb8 13. Qa4 O-O 14. Rac1 Ba6 15.
Rfd1 Nc5 16. Qc2 Be7 17. Be3 Ne8 18. Nb5 Bxb5 19. Bxb5 Nd7 20. Kh1 Nd6 21. Bxd7
Qxd7 22. Qxc7 Rb7 23. Qxd7 Rxd7 24. Rc6 b5 25. b3 b4 26. Rdc1 Ra8 27. Bc5 f6
28. Bxd6 Bxd6 29. Kg1 Kf7 30. Kf1 Ke7 31. Ng3 g6 32. Ke2 Rb7 33. Nf1 a4 34. Ne3
axb3 35. axb3 Ra3 36. Nc4 Ra2+ 37. Kf1 Bb8 38. Rd1 Ba7 39. Re6+ Kd7 40. Rd2
Rxd2 41. Nxd2 Bd4 42. Rxf6 Ke8 43. Nc4 Bc5 44. Re6+ Re7 45. Rxe7+ Kxe7 46. Nxe5
Bd6 47. Nc6+ Kd7 48. h3 g5 49. Ke2 Kc7 50. Kd3 Bc5 51. Kc4 Bf8 52. Nxb4 Bxb4
53. Kxb4 Kd6 54. Kc4 h6 55. Kd4 h5 56. e5+ Ke7 57. Ke4 g4 58. fxg4 hxg4 59.
hxg4 1-0

[Event "Amager Klubmesterskab 2011"]
[Site "Sundbyoster"]
[Date "2011.01.25"]
[Round "1"]
[White "Gram, Mathias Laerkegaard"]
[Black "Brorsen, Kristian"]
[Result "1-0"]
[WhiteElo "1430"]
[BlackElo "1200"]
[PlyCount "73"]
[EventDate "2011.??.??"]

1. e4 e5 2. Nf3 d6 3. Nc3 g6 4. Bc4 Bg7 5. O-O Nf6 6. d3 O-O 7. Bg5 h6 8. Bh4
Nc6 9. Nd5 Nd4 10. Nxd4 exd4 11. f4 c6 12. Nxf6+ Bxf6 13. Bxf6 Qxf6 14. f5 gxf5
15. Qh5 Kh7 16. Rf3 Qg5 17. Bxf7 fxe4 18. Bg6+ Kg7 19. Rxf8 Kxf8 20. Rf1+ Ke7
21. Rf7+ Kd8 22. Qxg5+ hxg5 23. Bxe4 Ke8 24. Bg6 a5 25. Rxb7+ Kf8 26. Rc7 c5
27. Be4 Rb8 28. Bd5 Bg4 29. Rb7 Rxb7 30. Bxb7 Bd1 31. c4 dxc3 32. bxc3 Ke7 33.
Kf2 Kf6 34. Ke3 Ke5 35. h3 g4 36. h4 a4 37. Kd2 1-0

[Event "Amager Klubmesterskab 2011"]
[Site "Sundbyoster"]
[Date "2011.01.25"]
[Round "1"]
[White "Luedeking, John"]
[Black "Smidt, Johnny"]
[Result "1-0"]
[WhiteElo "1658"]
[BlackElo "1688"]
[PlyCount "69"]
[EventDate "2011.??.??"]

1. e4 c5 2. Nc3 g6 3. f4 d6 4. Nf3 Bg7 5. Be2 Bg4 6. h3 Bxf3 7. Bxf3 Nc6 8. Ne2
e6 9. c3 Qa5 10. O-O Qb6 11. Kh1 Nge7 12. d3 O-O 13. Rb1 d5 14. Be3 Rfd8 15. b4
d4 16. bxc5 Qxc5 17. cxd4 Nxd4 18. Rxb7 Nec6 19. e5 Qc2 20. Nxd4 Nxd4 21. Bxd4
Qxd1 22. Rxd1 Rxd4 23. Rxf7 Rad8 24. Rxa7 Rxd3 25. Rxd3 Rxd3 26. Bg4 Bh6 27.
Bxe6+ Kf8 28. Bb3 Ke8 29. Ra4 Re3 30. Kg1 g5 31. fxg5 Bxg5 32. Ra8+ Bd8 33. e6
Ke7 34. Ra7+ Kd6 35. Rd7+ 1-0

[Event "Amager Klubmesterskab 2011"]
[Site "Sundbyoster"]
[Date "2011.01.25"]
[Round "1"]
[White "Larsen, Kim"]
[Black "Kinch, Peder"]
[Result "1-0"]
[WhiteElo "1544"]
[BlackElo "1228"]
[PlyCount "103"]
[EventDate "2011.??.??"]

1. e4 e5 2. Nf3 Nc6 3. d4 exd4 4. Nxd4 Bc5 5. Be3 Qf6 6. c3 Nge7 7. Qd2 Bxd4 8.
cxd4 O-O 9. Nc3 d6 10. Nb5 Bd7 11. Nxc7 Rac8 12. Nb5 a6 13. Nc3 Ng6 14. Bg5
Qxd4 15. Qxd4 Nxd4 16. O-O-O Ne6 17. Be3 Rc6 18. g3 Nc5 19. Bxc5 Rxc5 20. Rxd6
Bc6 21. Kd2 Ne5 22. f4 Ng4 23. Bd3 f5 24. Re1 Nxh2 25. Re2 Nf3+ 26. Ke3 fxe4
27. Bxe4 Ng1 28. Rg2 Nh3 29. Bxc6 bxc6 30. Rh2 Re8+ 31. Kd4 Rh5 32. Rxc6 Nxf4
33. Rxh5 Nxh5 34. g4 Nf6 35. g5 Rd8+ 36. Kc4 Ng4 37. Rxa6 Ne5+ 38. Kb3 Kf7 39.
a4 Rb8+ 40. Kc2 Nc4 41. Nb5 Ne3+ 42. Kd3 Nf5 43. b4 Ne7 44. Kc4 Rd8 45. Nd6+
Kg8 46. b5 h5 47. gxh6 gxh6 48. Kc5 Kg7 49. Ra7 Kf6 50. b6 Ke6 51. b7 Nd5 52.
Ra8 1-0

[Event "Amager Klubmesterskab 2011"]
[Site "Sundbyoster"]
[Date "2011.01.25"]
[Round "1"]
[White "Lunding, Peter M"]
[Black "Tronning, Mark Philip"]
[Result "1-0"]
[WhiteElo "1939"]
[BlackElo "1416"]
[PlyCount "57"]
[EventDate "2011.??.??"]

1. d4 Nf6 2. c4 g6 3. Nc3 Bg7 4. e4 d6 5. Be2 O-O 6. Bg5 Nc6 7. d5 Ne5 8. h3 b6
9. f4 Ned7 10. Qc2 a5 11. g4 Ba6 12. Nf3 Rc8 13. O-O c5 14. Rae1 Kh8 15. Bd3
Re8 16. e5 dxe5 17. fxe5 Ng8 18. h4 f6 19. Bf4 fxe5 20. Ng5 Nh6 21. Ne6 exf4
22. Nxd8 Bd4+ 23. Kg2 Nxg4 24. Nf7+ Kg7 25. Ng5 Ne3+ 26. Rxe3 Bxe3 27. Ne6+ Kh8
28. Ne4 Ne5 29. Qc3 1-0

[Event "Amager Klubmesterskab 2011"]
[Site "Sundbyoster"]
[Date "2011.01.25"]
[Round "1"]
[White "Madsen, Palle"]
[Black "Larsen, Ulrik Jejlskov"]
[Result "0-1"]
[WhiteElo "1882"]
[BlackElo "1517"]
[PlyCount "82"]
[EventDate "2011.??.??"]

1. e4 d5 2. d4 e6 3. e5 c5 4. c3 cxd4 5. cxd4 Bb4+ 6. Nc3 Ne7 7. Bd3 Nbc6 8.
Nge2 Bd7 9. O-O h6 10. Kh1 Bxc3 11. bxc3 Rc8 12. f4 g6 13. a4 Na5 14. Ba3 Nc4
15. Bxc4 Rxc4 16. Bxe7 Kxe7 17. a5 Qc7 18. Qe1 Kd8 19. Qh4+ Kc8 20. a6 b5 21.
Rfb1 Bc6 22. Rb3 Ra4 23. Rba3 Qa5 24. Rxa4 bxa4 25. Qe1 Qxa6 26. Ra3 Bb5 27.
Ng1 Kd7 28. Nf3 Rb8 29. Nd2 Bd3 30. Qc1 Qb5 31. h3 Qb2 32. Qxb2 Rxb2 33. Nf3
Bb5 34. Kg1 Rb3 35. Ra1 a3 36. Kf2 Rb2+ 37. Ke1 a2 38. Nd2 Bd3 39. h4 Rb1+ 40.
Nxb1 axb1=Q+ 41. Rxb1 Bxb1 0-1

[Event "Amager Klubmesterskab 2011"]
[Site "Sundbyoster"]
[Date "2011.01.25"]
[Round "1"]
[White "Mejer, Bjarne Faldt"]
[Black "Johansen, Erik"]
[Result "1-0"]
[WhiteElo "1757"]
[BlackElo "1589"]
[PlyCount "63"]
[EventDate "2011.??.??"]

1. d4 Nf6 2. c4 g6 3. Nc3 d5 4. cxd5 Nxd5 5. e4 Nxc3 6. bxc3 Bg7 7. Bc4 O-O 8.
Ne2 c5 9. O-O cxd4 10. cxd4 Nc6 11. Be3 Na5 12. Bd3 b6 13. Rc1 Bb7 14. f3 Qd6
15. Qa4 Rac8 16. Rxc8 Rxc8 17. Rd1 h5 18. e5 Qd8 19. e6 f5 20. Nf4 Qd6 21. Qd7
Rd8 22. Qxd6 Rxd6 23. Bb5 Kh7 24. Be8 Bd5 25. Bxg6+ Kg8 26. Nxd5 Rxd5 27. Bxh5
Nc4 28. Bf2 f4 29. Rc1 Ne3 30. Bf7+ Kh7 31. g3 fxg3 32. Bxe3 1-0

[Event "Amager Klubmesterskab 2011"]
[Site "Sundbyoster"]
[Date "2011.01.25"]
[Round "1"]
[White "Nielsen, Mogens Bach"]
[Black "Larsen, Knud"]
[Result "0-1"]
[WhiteElo "1846"]
[BlackElo "1678"]
[PlyCount "62"]
[EventDate "2011.??.??"]

1. e4 e6 2. d4 d5 3. Nc3 Nf6 4. Bg5 Be7 5. e5 Nfd7 6. Bxe7 Qxe7 7. Qd2 a6 8. f4
c5 9. Nf3 Nc6 10. dxc5 Nxc5 11. O-O-O b5 12. Nd4 Bb7 13. a3 O-O 14. Be2 Nd7 15.
Nxc6 Bxc6 16. Qd4 Rab8 17. Na2 a5 18. c3 Nc5 19. Kc2 b4 20. Nc1 bxa3 21. bxa3
Ba4+ 22. Kd2 Rb2+ 23. Ke3 Bxd1 24. Rxd1 Rfb8 25. g3 g6 26. h4 Ne4 27. Bd3 Nxg3
28. c4 dxc4 29. Qxc4 Qa7+ 30. Qd4 Qxd4+ 31. Kxd4 Rh2 0-1

[Event "Amager Klubmesterskab 2011"]
[Site "Sundbyoster"]
[Date "2011.01.25"]
[Round "1"]
[White "Petersen, Nils"]
[Black "Jensen, Jonbert"]
[Result "1-0"]
[WhiteElo "1997"]
[BlackElo "1355"]
[PlyCount "103"]
[EventDate "2011.??.??"]

1. c4 g6 2. g3 Bg7 3. Bg2 Nf6 4. e4 d6 5. Ne2 Bg4 6. h3 Bxe2 7. Qxe2 c6 8. O-O
Nbd7 9. Nc3 Qc7 10. d3 h5 11. Be3 Bh6 12. f4 Nb6 13. b4 Bg7 14. Rac1 Nfd7 15.
c5 dxc5 16. bxc5 Nc8 17. e5 e6 18. Ne4 Nf8 19. Kh2 Nh7 20. Nd6+ Nxd6 21. cxd6
Qd7 22. a4 O-O 23. a5 a6 24. Bb6 f6 25. d4 Qf7 26. h4 f5 27. Rb1 Rfc8 28. Bc7
Rxc7 29. dxc7 Qxc7 30. Qc4 Nf8 31. d5 exd5 32. Bxd5+ Kh7 33. Bf3 Rb8 34. Qb4
Ne6 35. Qd6 Qxd6 36. exd6 Nd4 37. d7 Bf6 38. Kg2 Nb5 39. Rfe1 Rd8 40. Re6 Kg7
41. Rd1 Nd4 42. Rxf6 Kxf6 43. Rxd4 Ke7 44. Kf2 Rxd7 45. Rxd7+ Kxd7 46. Ke3 Kc7
47. Be2 b5 48. axb6+ Kxb6 49. Bc4 c5 50. Bf7 Kb5 51. Bxg6 a5 52. Bxf5 1-0

[Event "Amager Klubmesterskab 2011"]
[Site "Sundbyoster"]
[Date "2011.01.25"]
[Round "1"]
[White "Pommerencke, Lars"]
[Black "Brorsen, Jacob Abildlund"]
[Result "0-1"]
[WhiteElo "1511"]
[BlackElo "2055"]
[PlyCount "54"]
[EventDate "2011.??.??"]

1. d4 d5 2. Nf3 Nf6 3. e3 e6 4. a3 c6 5. c4 Bd6 6. Nbd2 O-O 7. Bd3 Nbd7 8. O-O
e5 9. dxe5 Nxe5 10. Nxe5 Bxe5 11. Nf3 Bc7 12. b4 Bg4 13. h3 Bh5 14. cxd5 cxd5
15. Be2 Qd6 16. g3 Ne4 17. g4 Bg6 18. Bb2 Rae8 19. Qd4 f6 20. Rfd1 Bf7 21. Rac1
Nxf2 22. Kxf2 Qg3+ 23. Kf1 Be5 24. Qd2 Qxh3+ 25. Kg1 Qxg4+ 26. Kh1 Qh3+ 27. Kg1
Bb8 0-1

[Event "Amager Klubmesterskab 2011"]
[Site "Sundbyoster"]
[Date "2011.01.25"]
[Round "1"]
[White "Raad, Mads Bonde"]
[Black "Sorensen, Johnny"]
[Result "1-0"]
[WhiteElo "1000"]
[BlackElo "1244"]
[PlyCount "81"]
[EventDate "2011.??.??"]

1. d4 d5 2. c4 e6 3. e3 Nf6 4. Nf3 Nc6 5. Nc3 Bb4 6. Bd2 O-O 7. a3 Be7 8. Bd3
Qd7 9. c5 a6 10. O-O b6 11. cxb6 cxb6 12. Qc2 Qc7 13. Ne2 g6 14. Ng3 Bd6 15.
Ne5 Nxe5 16. dxe5 Bxe5 17. Rac1 Qxc2 18. Rxc2 Bb7 19. Re1 Nd7 20. b4 Bd6 21. f4
e5 22. Rf1 Rfe8 23. e4 Nf6 24. fxe5 Bxe5 25. Bc3 Ng4 26. Bxe5 Ne3 27. Rc7 Nxf1
28. Bd4 Nxg3 29. Rxb7 Nxe4 30. Rxb6 a5 31. b5 Rec8 32. h3 Nd2 33. Rd6 Nc4 34.
Rxd5 Nxa3 35. b6 Rd8 36. b7 Rab8 37. Rxd8+ Rxd8 38. Be5 Re8 39. b8=Q Rxb8 40.
Bxb8 f5 41. Bd6 1-0

[Event "Amager Klubmesterskab 2011"]
[Site "Sundbyoster"]
[Date "2011.01.25"]
[Round "1"]
[White "Svensson, John Michael"]
[Black "Dupont, Michael Kim"]
[Result "0-1"]
[WhiteElo "1492"]
[BlackElo "1159"]
[PlyCount "84"]
[EventDate "2011.??.??"]

1. Nc3 Nc6 2. Nf3 Nf6 3. e4 d6 4. d4 Bg4 5. Be2 Bxf3 6. Bxf3 e5 7. dxe5 Nxe5 8.
Bg5 h6 9. Bh4 Be7 10. Bg3 Nxf3+ 11. Qxf3 Qd7 12. O-O-O Qc6 13. Qe2 O-O-O 14.
Nb5 Qa6 15. Qc4 Rd7 16. f3 Kb8 17. Qb3 Rhd8 18. Rd4 Qb6 19. Qa4 a6 20. Nc3 d5
21. e5 Bc5 22. Rd3 Nh5 23. Nd1 Nxg3 24. hxg3 Qg6 25. f4 Re7 26. Rb3 Re6 27. Qa5
Rc6 28. Rf1 Bb4 29. f5 Qg5+ 30. Ne3 Bxa5 31. Rd3 d4 32. Rf4 Qxg3 33. Rf3 Qxe5
34. Nd1 Qd5 35. Kb1 Re8 36. a3 Re2 37. Ne3 Re1+ 38. Nd1 Qc4 39. Rf2 Qa4 40. Kc1
Qb5 41. Rxd4 Re2 42. Rd8+ Ka7 0-1

[Event "Amager Klubmesterskab 2011"]
[Site "Sundbyoster"]
[Date "2011.02.08"]
[Round "2"]
[White "Brorsen, Kristian"]
[Black "Svensson, John Michael"]
[Result "0-1"]
[WhiteElo "1200"]
[BlackElo "1492"]
[PlyCount "97"]
[EventDate "2011.??.??"]

1. d4 Nf6 2. c4 e6 3. Nf3 b6 4. g3 Bb7 5. Bg2 Be7 6. O-O O-O 7. Nc3 d6 8. Re1
Nbd7 9. e4 e5 10. dxe5 dxe5 11. Nd5 Bd6 12. Bg5 Bxd5 13. cxd5 h6 14. Bxf6 Qxf6
15. Nh4 Rfd8 16. Nf5 Bc5 17. a3 b5 18. b4 Bb6 19. Rc1 Nb8 20. Rc3 a6 21. Rf3
Rd7 22. Bh3 Qg5 23. Nxh6+ Qxh6 24. Bxd7 Nxd7 25. Rc3 Qh3 26. Qf3 Nf6 27. Qg2
Qd7 28. h3 g6 29. Rc6 Kg7 30. Kh2 Rh8 31. f3 Ne8 32. g4 Nd6 33. Qb2 f6 34. Rec1
Nc4 35. Qb3 Nd2 36. Qd3 Nc4 37. a4 Ra8 38. a5 Be3 39. Rc2 Bf4+ 40. Kg2 Ne3+ 41.
Kf2 Nxc2 42. Qxc2 Kh6 43. Rxc7 Qd6 44. Qc3 Bg5 45. Rc6 Qf8 46. Kg3 Bf4+ 47. Kg2
Kg5 48. Qe1 Rc8 49. Qh4+ 0-1

[Event "Amager Klubmesterskab 2011"]
[Site "Sundbyoster"]
[Date "2011.02.08"]
[Round "2"]
[White "Carstensen, Jacob"]
[Black "Friis, Jordy"]
[Result "1-0"]
[WhiteElo "2325"]
[BlackElo "1530"]
[PlyCount "63"]
[EventDate "2011.??.??"]

1. d4 Nf6 2. c4 e6 3. Nf3 d5 4. g3 c6 5. Bg2 Be7 6. O-O O-O 7. Nbd2 Nbd7 8. Qc2
c5 9. cxd5 Nxd5 10. e4 Nb4 11. Qb3 cxd4 12. Nxd4 Nf6 13. Nc2 Qd3 14. Nxb4 Qxb3
15. Nxb3 Bxb4 16. Rd1 e5 17. Be3 Bg4 18. f3 Be6 19. Nc5 Bxc5 20. Bxc5 Rfc8 21.
Bd6 Nd7 22. Rd2 f6 23. Rad1 Nb6 24. b3 Rd8 25. h3 Rac8 26. f4 exf4 27. gxf4 Rc3
28. Kh2 Nc8 29. Bb4 Rxd2 30. Rxd2 Rc7 31. Rd8+ Kf7 32. f5 1-0

[Event "Amager Klubmesterskab 2011"]
[Site "Sundbyoster"]
[Date "2011.02.08"]
[Round "2"]
[White "Dupont, Michael Kim"]
[Black "Gram, Mathias Laerkegaard"]
[Result "0-1"]
[WhiteElo "1159"]
[BlackElo "1430"]
[PlyCount "88"]
[EventDate "2011.??.??"]

1. e4 c5 2. Nf3 d6 3. d4 cxd4 4. Nxd4 Nf6 5. Nc3 Nc6 6. Nb3 a6 7. Be3 e6 8. Be2
b5 9. a3 Bb7 10. O-O Be7 11. f4 Qc7 12. f5 O-O 13. Bg4 Ne5 14. h3 Nexg4 15.
hxg4 Nxe4 16. Nxe4 Bxe4 17. c3 Rad8 18. Qd4 d5 19. f6 Qg3 20. Rf2 Bxf6 21. Qd2
Qxg4 22. Raf1 Be5 23. Bf4 Bxf4 24. Rxf4 Qh5 25. Nc5 a5 26. Qf2 Qg6 27. Nb7 Rd7
28. Nxa5 e5 29. Rh4 f5 30. Nb3 f4 31. Nc5 Rdf7 32. Nxe4 dxe4 33. Kh1 Rf5 34.
Qc5 Rh5 35. Qd5+ Kh8 36. Rxh5 Qxh5+ 37. Kg1 Qf5 38. Qxb5 f3 39. Qc5 Qf4 40. b4
h6 41. b5 Rf5 42. b6 Rg5 43. Qc8+ Kh7 44. Qh3 Qe3+ 0-1

[Event "Amager Klubmesterskab 2011"]
[Site "Sundbyoster"]
[Date "2011.02.08"]
[Round "2"]
[White "Foss, Kim"]
[Black "Raad, Mads Bonde"]
[Result "1-0"]
[WhiteElo "1450"]
[BlackElo "1000"]
[PlyCount "123"]
[EventDate "2011.??.??"]

1. b4 e5 2. Bb2 d6 3. c4 Be6 4. e3 d5 5. cxd5 Qxd5 6. Nc3 Qd6 7. a3 f6 8. Nf3
Nd7 9. Nb5 Qb6 10. Qc2 c6 11. Nc3 Bd6 12. Be2 Ne7 13. d4 O-O 14. O-O Nd5 15.
dxe5 fxe5 16. Ng5 Bf5 17. e4 Nxc3 18. Bxc3 Bg6 19. Bc4+ Kh8 20. Ne6 Rf6 21.
Rad1 c5 22. bxc5 Nxc5 23. Nxc5 Qxc5 24. Bb4 Qc6 25. Bd3 Qb6 26. Rb1 Rb8 27.
Rfc1 Bxb4 28. Rxb4 Qd6 29. Qc7 Rd8 30. Rxb7 Qf8 31. Qc2 Rfd6 32. Rb3 Qf4 33.
Re1 Qg4 34. f3 Qf4 35. Rc3 Bf7 36. Qe2 Rb6 37. Qe3 Qh4 38. Rc7 Be6 39. g3 Qf6
40. Rc2 Qe7 41. Ra1 Rb3 42. Rd2 Rxa3 43. Rxa3 Qxa3 44. Kf2 a5 45. Be2 Qe7 46.
Rxd8+ Qxd8 47. Qc3 Qb6+ 48. Qe3 Qb4 49. f4 g6 50. fxe5 a4 51. Qf4 Qd4+ 52. Kg2
Kg7 53. Qf6+ Kh6 54. Qxe6 Qxe4+ 55. Bf3 Qc2+ 56. Kh1 Qf5 57. Qxf5 gxf5 58. Bd5
Kg6 59. Kg2 a3 60. e6 Kf6 61. Kh3 Ke5 62. Ba2 1-0

[Event "Amager Klubmesterskab 2011"]
[Site "Sundbyoster"]
[Date "2011.02.08"]
[Round "2"]
[White "Gade, Jens"]
[Black "Petersen, Nils"]
[Result "0-1"]
[WhiteElo "1237"]
[BlackElo "1997"]
[PlyCount "106"]
[EventDate "2011.??.??"]

1. f4 c5 2. Nf3 Nf6 3. e3 d6 4. Be2 g6 5. O-O Bg7 6. Nc3 Nc6 7. Rb1 O-O 8. d3
e5 9. fxe5 dxe5 10. e4 h6 11. a3 a5 12. Qe1 Nd4 13. Bd1 Nxf3+ 14. Bxf3 Be6 15.
Qg3 Ne8 16. Be3 Rc8 17. h4 Qe7 18. Bg4 f5 19. exf5 gxf5 20. Bh3 f4 21. Bxe6+
Qxe6 22. Bxf4 exf4 23. Rxf4 Rxf4 24. Qxf4 Nd6 25. Qg3 Re8 26. Qf3 Qe3+ 27. Qxe3
Rxe3 28. Kf1 b5 29. Ne2 Nf5 30. Kf2 Re7 31. g3 Nd4 32. Nxd4 Bxd4+ 33. Kf3 b4
34. axb4 axb4 35. Kg4 Re2 36. c3 bxc3 37. bxc3 Bxc3 38. Rb6 Kh7 39. Rb7+ Bg7
40. Rd7 Re6 41. h5 Rc6 42. Kh4 Kg8 43. Kg4 Bf8 44. Kf5 Rd6 45. Rxd6 Bxd6 46. g4
Be7 47. Ke4 Bf6 48. Kd5 Bd4 49. Ke6 Kf8 50. Kf5 Ke7 51. Ke4 Kf6 52. Kf4 Bb2 53.
Ke4 Ke6 0-1

[Event "Amager Klubmesterskab 2011"]
[Site "Sundbyoster"]
[Date "2011.02.08"]
[Round "2"]
[White "Jensen, Jonbert"]
[Black "Hansen, Benny"]
[Result "0-1"]
[WhiteElo "1355"]
[BlackElo "1407"]
[PlyCount "56"]
[EventDate "2011.??.??"]

1. e4 c5 2. Nf3 d6 3. Bc4 Nf6 4. Nc3 e6 5. d4 cxd4 6. Nxd4 a6 7. Bg5 Be7 8. Qe2
Qc7 9. Bb3 Nc6 10. Nxc6 bxc6 11. Bf4 e5 12. Bg3 O-O 13. h3 a5 14. Bc4 Be6 15.
O-O-O Rfd8 16. Bh4 Qb7 17. Bxe6 fxe6 18. Bxf6 Bxf6 19. Na4 Rab8 20. Rd3 Qb4 21.
b3 d5 22. f3 Bg5+ 23. Kb1 Qxa4 24. exd5 exd5 25. Qxe5 Bf6 26. Qc7 Qa3 27. c3 a4
28. b4 Rxb4+ 0-1

[Event "Amager Klubmesterskab 2011"]
[Site "Sundbyoster"]
[Date "2011.02.08"]
[Round "2"]
[White "Jensen, Ole Yde"]
[Black "Nielsen, Bjorn"]
[Result "1-0"]
[WhiteElo "1553"]
[BlackElo "1124"]
[PlyCount "43"]
[EventDate "2011.??.??"]

1. f4 Nc6 2. Nf3 h6 3. e3 d6 4. b3 Bg4 5. Bb2 Nf6 6. Nc3 e5 7. h3 Bh5 8. g4 Bg6
9. f5 Bh7 10. e4 Qd7 11. Qe2 O-O-O 12. O-O-O Bg8 13. Qf2 Kb8 14. Bb5 Nh7 15.
Nd5 f6 16. d4 Ng5 17. Nxg5 fxg5 18. Nb4 exd4 19. Bxd4 Bf7 20. Nxc6+ Ka8 21.
Bxg7 d5 22. Qxa7# 1-0

[Event "Amager Klubmesterskab 2011"]
[Site "Sundbyoster"]
[Date "2011.02.08"]
[Round "2"]
[White "Kinch, Peder"]
[Black "Nielsen, Mogens Bach"]
[Result "0-1"]
[WhiteElo "1228"]
[BlackElo "1846"]
[PlyCount "44"]
[EventDate "2011.??.??"]

1. f4 d5 2. Nf3 g6 3. e3 Bg7 4. c3 Nf6 5. Be2 O-O 6. O-O c5 7. b3 Nc6 8. Bb2
Bg4 9. Ne5 Bxe2 10. Qxe2 Nxe5 11. fxe5 Nd7 12. d4 e6 13. Nd2 cxd4 14. cxd4 f6
15. Nf3 fxe5 16. Nxe5 Nxe5 17. dxe5 Qg5 18. Rxf8+ Rxf8 19. Rc1 Bxe5 20. Bxe5
Qxe5 21. Rd1 Rc8 22. Qd3 Rc3 0-1

[Event "Amager Klubmesterskab 2011"]
[Site "Sundbyoster"]
[Date "2011.02.08"]
[Round "2"]
[White "Larsen, Knud"]
[Black "Larsen, Kim"]
[Result "1-0"]
[WhiteElo "1678"]
[BlackElo "1544"]
[PlyCount "42"]
[EventDate "2011.??.??"]

1. e4 c5 2. d4 cxd4 3. c3 Nf6 4. e5 Nd5 5. cxd4 Nc6 6. Nf3 e6 7. Nc3 Bb4 8. Bd2
Nxc3 9. bxc3 Be7 10. Bd3 d5 11. exd6 Qxd6 12. O-O e5 13. Re1 exd4 14. Rc1 dxc3
15. Bxc3 O-O 16. Qc2 g6 17. Rcd1 Nb4 18. Qb1 Nxd3 19. Rxd3 Qc5 20. Qb2 f6 21.
Rde3 Qa3 1-0

[Event "Amager Klubmesterskab 2011"]
[Site "Sundbyoster"]
[Date "2011.02.08"]
[Round "2"]
[White "Larsen, Ulrik Jejlskov"]
[Black "Brorsen, Jacob Abildlund"]
[Result "0-1"]
[WhiteElo "1517"]
[BlackElo "2055"]
[PlyCount "42"]
[EventDate "2011.??.??"]

1. d4 Nf6 2. Nf3 d5 3. e3 c6 4. Bd3 e6 5. Nbd2 Nbd7 6. Qe2 Bd6 7. e4 dxe4 8.
Nxe4 Nxe4 9. Qxe4 Nf6 10. Qh4 h6 11. Ne5 Bxe5 12. dxe5 Qa5+ 13. c3 Qxe5+ 14.
Be3 Nd5 15. Qd4 Qxd4 16. Bxd4 O-O 17. O-O b6 18. Rfe1 Bb7 19. f3 Rad8 20. Re5
c5 21. Bf2 Nxc3 0-1

[Event "Amager Klubmesterskab 2011"]
[Site "Sundbyoster"]
[Date "2011.02.08"]
[Round "2"]
[White "Lunding, Peter M"]
[Black "Luedeking, John"]
[Result "1-0"]
[WhiteElo "1939"]
[BlackElo "1658"]
[PlyCount "65"]
[EventDate "2011.??.??"]

1. d4 e6 2. Nf3 f5 3. g3 Nf6 4. Bg2 d5 5. O-O Bd6 6. b3 Qe7 7. c4 c6 8. Bb2 b6
9. Nbd2 Bb7 10. Qc2 Ne4 11. Ne1 O-O 12. Nd3 Nd7 13. f3 Nxg3 14. hxg3 Bxg3 15.
f4 Qh4 16. Nf3 Qh5 17. Bc3 dxc4 18. bxc4 c5 19. Be1 Bxe1 20. Ndxe1 Be4 21. Qd2
cxd4 22. Qxd4 Nc5 23. Qf2 Rad8 24. Qg3 Bb7 25. Qg5 Qe8 26. Ne5 Bxg2 27. Qxg2
Rf6 28. Rf3 Ne4 29. Rd3 Rh6 30. Rad1 Rxd3 31. Rxd3 Qe7 32. N1f3 Qc5+ 33. e3 1-0

[Event "Amager Klubmesterskab 2011"]
[Site "Sundbyoster"]
[Date "2011.02.08"]
[Round "2"]
[White "Madsen, Palle"]
[Black "Pommerencke, Lars"]
[Result "1/2-1/2"]
[WhiteElo "1882"]
[BlackElo "1511"]
[PlyCount "68"]
[EventDate "2011.??.??"]

1. e4 d5 2. exd5 Qxd5 3. Nc3 Qa5 4. b4 Qe5+ 5. Be2 Nf6 6. Nf3 Qd6 7. b5 Bf5 8.
a4 e6 9. Ba3 Qd8 10. Bxf8 Kxf8 11. O-O Nbd7 12. d4 Nb6 13. Qd2 Nbd5 14. Nxd5
exd5 15. c4 Be6 16. c5 h6 17. Bd3 g6 18. Rfe1 Kg7 19. Ne5 Nd7 20. f4 Nxe5 21.
Rxe5 Re8 22. Rae1 c6 23. f5 Bd7 24. Rxe8 Bxe8 25. fxg6 fxg6 26. Qe3 Bf7 27. Qe7
Qxe7 28. Rxe7 Rb8 29. Kf2 Kf6 30. Re2 Re8 31. bxc6 Rxe2+ 32. Kxe2 bxc6 33. Ba6
Be6 34. Ke3 g5 1/2-1/2

[Event "Amager Klubmesterskab 2011"]
[Site "Sundbyoster"]
[Date "2011.02.08"]
[Round "2"]
[White "Mejer, Bjarne Faldt"]
[Black "Bekker Jensen, Morten Breinholdt"]
[Result "1/2-1/2"]
[WhiteElo "1757"]
[BlackElo "1890"]
[PlyCount "43"]
[EventDate "2011.??.??"]

1. d4 b6 2. c4 Bb7 3. Nc3 e6 4. e4 Bb4 5. Bd3 Na6 6. Qg4 Nf6 7. Qh4 Nxe4 8.
Qxd8+ Rxd8 9. Nge2 c5 10. O-O Bxc3 11. bxc3 O-O 12. a4 Rfe8 13. f3 Nd6 14. Bf4
Nc8 15. a5 d6 16. axb6 axb6 17. Bg3 Nb8 18. Rfb1 Nc6 19. Kf2 h6 20. h3 e5 21.
Bf5 N6e7 22. Bc2 1/2-1/2

[Event "Amager Klubmesterskab 2011"]
[Site "Sundbyoster"]
[Date "2011.02.08"]
[Round "2"]
[White "Sorensen, Johnny"]
[Black "Johansen, Erik"]
[Result "1-0"]
[WhiteElo "1244"]
[BlackElo "1589"]
[PlyCount "57"]
[EventDate "2011.??.??"]

1. d4 Nf6 2. c4 g6 3. Nf3 Bg7 4. e3 O-O 5. Nc3 d6 6. Bd3 c6 7. Qc2 Qc7 8. Bd2
e5 9. O-O-O a5 10. a3 Nbd7 11. Rde1 b6 12. e4 Ba6 13. h3 Rfc8 14. Be3 b5 15. c5
b4 16. Na4 Bb5 17. Nd2 Bf8 18. f4 d5 19. fxe5 bxa3 20. bxa3 Nxe5 21. dxe5 Qxe5
22. Nb6 Qa1+ 23. Nb1 Nxe4 24. Bxe4 dxe4 25. Qxe4 Re8 26. Qd4 Qa2 27. Nxa8 Bg7
28. Qd2 Qa1 29. Bh6 1-0